书目信息 |
| 题名: |
绵长的海岸
|
|
| 作者: | 伍德, , 沃克, 著 ;程方平 , 胡煜成 译 | |
| 分册: | ||
| 出版信息: | 上海 上海科学技术文献出版社 2006.07 |
|
| 页数: | 103页 | |
| 开本: | 23cm | |
| 丛书名: | 海洋生命丛书 | |
| 单 册: | ||
| 中图分类: | Q178.531-49 | |
| 科图分类: | ||
| 主题词: | 海滨--hai bin--海洋生物--普及读物 , 海岸线--hai an xian--普及读物 | |
| 电子资源: | ||
| ISBN: | 7-5439-2870-1 | |
| 000 | 01197nam 2200301 450 | |
| 001 | 012006094394 | |
| 005 | 20061129145616.54 | |
| 010 | @a7-5439-2870-1@dCNY15.00 | |
| 100 | @a20061027d2006 km y0chiy0120 ea | |
| 101 | 1 | @achi@ceng |
| 102 | @aCN@b310000 | |
| 105 | @aa z 000yy | |
| 200 | 1 | @a绵长的海岸@Amian chang de hai an@f(美) 帕姆·沃克 (Pam Walker), 伊莱恩·伍德 (Elaine Wood) 著@F(mei)pa mu·wo ke(Pam Walker),yi lai en·wu de(Elaine Wood)zhu@g程方平,胡煜成译@Gcheng fang ping,hu yu cheng yi |
| 210 | @a上海@c上海科学技术文献出版社@d2006.07 | |
| 215 | @a103页@c图@d23cm | |
| 225 | 2 | @a海洋生命丛书@Ahai yang sheng ming cong shu |
| 304 | @a封面责任者误题:帕姆·沃克伊莱恩·伍德 | |
| 330 | @a本书着重向读者介绍潮间带的生物的种类组成、它们对于环境的适应和它们之间的关系。 | |
| 410 | 0 | @12001 @a海洋生命丛书 |
| 606 | 0 | @a海滨@Ahai bin@x海洋生物@j普及读物 |
| 606 | 0 | @a海岸线@Ahai an xian@j普及读物 |
| 690 | @aQ178.531-49@v4 | |
| 701 | 1 | @a伍德,@Awu de,@bE.@g(Wood, Elaine)@4著 |
| 701 | 1 | @a沃克,@Awo ke,@bP.@g(Walker, Pam)@4著 |
| 702 | 0 | @a程方平@Acheng fang ping@4译 |
| 702 | 0 | @a胡煜成@Ahu yu cheng@4译 |
| 801 | 0 | @aCN@c20061129 |
| 905 | @a10447@dQ178.531-49@eW705 | |
| 绵长的海岸/(美) 帕姆·沃克 (Pam Walker), 伊莱恩·伍德 (Elaine Wood) 著/程方平,胡煜成译.-上海:上海科学技术文献出版社,2006.07 |
| 103页:图;23cm.-(海洋生命丛书) |
| ISBN 7-5439-2870-1:CNY15.00 |
| 本书着重向读者介绍潮间带的生物的种类组成、它们对于环境的适应和它们之间的关系。 |
| ● |
| 相关链接 |
|
|
|
正题名:绵长的海岸
索取号:Q178.531-49/W705
 
预约/预借
| 序号 | 登录号 | 条形码 | 馆藏地/架位号 | 状态 | 备注 |
| 1 | 223781 | 202237819 | 期刊室512/401自科库 26排2列5层/ [索取号:Q178.531-49/W705] | 在馆 | |
| 2 | 223782 | 202237828 | 自科库401/401自科库 26排2列5层/ [索取号:Q178.531-49/W705] | 在馆 | |
| 3 | 223783 | 202237837 | 期刊室512/401自科库 26排2列5层/ [索取号:Q178.531-49/W705] | 在馆 |